[Event "Bayernliga U20 1617"]
[Site "Bayern"]
[Date "2016.12.10"]
[Round "3.5"]
[White "Thorwarth, Paul"]
[Black "Bergauz, Igal"]
[Result "0-1"]
[WhiteElo "1381"]
[BlackElo "1736"]
[PlyCount "58"]
[EventDate "2016.11.12"]
[EventType "team-tourn"]
[EventRounds "7"]
[EventCountry "GER"]
[SourceTitle "EXT 2022"]
[Source "ChessBase"]
[SourceDate "2021.10.06"]
[SourceVersion "1"]
[SourceVersionDate "2021.10.06"]
[SourceQuality "1"]
[WhiteTeam "Augsburg SF U20"]
[BlackTeam "Muenchen SO SK U20"]
[WhiteTeamCountry "GER"]
[BlackTeamCountry "GER"]

1. e4 c6 2. Nc3 d5 3. Qf3 dxe4 4. Nxe4 Nf6 5. Bc4 Nbd7 6. d3 Ne5 7. Nxf6+ gxf6 8. Qg3 Nxc4 9. dxc4 e5 10. Bd2 Be6 11. Qb3 Qc7 12. Qa4 Bc5 13. Ne2 Rg8 14. b4 Be7 15. b5 Bd7 16. Ng3 cxb5 17. cxb5 Qc5 18. c4 f5 19. Rg1 f4 20. Ne2 Rd8 21. Qc2 Rg7 22. Rb1 f6 23. Bb4 Qc8 24. Bxe7 Rxe7 25. a4 Bf5 26. Qc1 Bxb1 27. Qxb1 Qxc4 28. a5 Qd3 29. Qa1 Qd2+ 0-1

[Event "Landesliga U20 Sued 1516"]
[Site "Bayern"]
[Date "2016.01.23"]
[Round "5.2"]
[White "Bergauz, Igal"]
[Black "Waller, Stefan"]
[Result "1/2-1/2"]
[WhiteElo "1762"]
[BlackElo "1763"]
[PlyCount "93"]
[EventDate "2015.11.21"]
[EventType "team-tourn"]
[EventRounds "7"]
[EventCountry "GER"]
[SourceTitle "EXT 2022"]
[Source "ChessBase"]
[SourceDate "2021.10.06"]
[SourceVersion "1"]
[SourceVersionDate "2021.10.06"]
[SourceQuality "1"]
[WhiteTeam "Muenchen Suedost SK U20 II"]
[BlackTeam "Fuerstenfeldbruck TuS U20"]
[WhiteTeamCountry "GER"]
[BlackTeamCountry "GER"]

1. e4 e5 2. Nf3 Nc6 3. d4 exd4 4. Nxd4 Bc5 5. Nxc6 bxc6 6. Bd3 d6 7. Nc3 Nf6 8. 0-0 0-0 9. Bg5 h6 10. Bh4 Re8 11. Kh1 Bg4 12. Qd2 Rb8 13. f4 Bd4 14. Rae1 Qc8 15. b3 Nd7 16. h3 Bh5 17. Ne2 Bxe2 18. Rxe2 Bf6 19. Bxf6 Nxf6 20. e5 Nd5 21. c4 Nb4 22. Bb1 dxe5 23. fxe5 Qd8 24. Qf4 Qe7 25. Qf5 g6 26. Qf4 Kg7 27. Ref2 Rf8 28. Qf6+ Qxf6 29. Rxf6 Rbe8 30. a3 Na6 31. Rxc6 Re6 32. Rxe6 fxe6 33. Rxf8 Kxf8 34. Bxg6 Nc5 35. Bc2 Nd7 36. g4 Nxe5 37. Kg2 Kf7 38. Kg3 Kf6 39. Kf4 Nf7 40. h4 a5 41. b4 axb4 42. axb4 e5+ 43. Ke3 Ke6 44. c5 Nd8 45. Bb3+ Kf6 46. b5 c6 47. b6 1/2-1/2

[Event "GER-chT U10"]
[Site "Magdeburg"]
[Date "2014.12.28"]
[Round "3.1"]
[White "Bergauz, Igal"]
[Black "Weihrauch, Jakob"]
[Result "1/2-1/2"]
[WhiteElo "1600"]
[BlackElo "1602"]
[PlyCount "62"]
[EventDate "2014.12.27"]
[EventType "team-swiss"]
[EventRounds "7"]
[EventCountry "GER"]
[SourceTitle "EXT 2016"]
[Source "ChessBase"]
[SourceDate "2015.10.08"]
[SourceVersion "1"]
[SourceVersionDate "2015.10.08"]
[SourceQuality "1"]
[WhiteTeam "Muenchen Suedost"]
[BlackTeam "Hamburger SK"]
[WhiteTeamCountry "GER"]
[BlackTeamCountry "GER"]

1. e4 c5 2. Nf3 d6 3. d4 cxd4 4. Nxd4 Nf6 5. Nc3 a6 6. f3 e5 7. Nb3 Be7 8. Be3 Be6 9. Qd2 0-0 10. g4 d5 11. g5 d4 12. gxf6 Bxf6 13. Bxd4 exd4 14. Ne2 Nc6 15. f4 Bxb3 16. axb3 Be7 17. Rg1 Bb4 18. c3 dxc3 19. bxc3 Bc5 20. Qxd8 Raxd8 21. Rg3 f6 22. Bg2 Rf7 23. b4 Bb6 24. Bh3 Re7 25. Bg2 Red7 26. Bh3 Rd6 27. Rb1 Kf7 28. Kf1 Na7 29. c4 Rd1+ 30. Rxd1 Rxd1+ 31. Kg2 Re1 1/2-1/2

[Event "GER-chT U10"]
[Site "Magdeburg"]
[Date "2014.12.28"]
[Round "4.1"]
[White "Von Asow, Till"]
[Black "Bergauz, Igal"]
[Result "0-1"]
[WhiteElo "1091"]
[BlackElo "1600"]
[PlyCount "42"]
[EventDate "2014.12.27"]
[EventType "team-swiss"]
[EventRounds "7"]
[EventCountry "GER"]
[SourceTitle "EXT 2016"]
[Source "ChessBase"]
[SourceDate "2015.10.08"]
[SourceVersion "1"]
[SourceVersionDate "2015.10.08"]
[SourceQuality "1"]
[WhiteTeam "Rommelshausen"]
[BlackTeam "Muenchen Suedost"]
[WhiteTeamCountry "GER"]
[BlackTeamCountry "GER"]

1. e4 c6 2. d4 d5 3. e5 Bf5 4. Bd3 Bxd3 5. Qxd3 e6 6. Bf4 Nd7 7. Nc3 a6 8. Nf3 Ne7 9. 0-0-0 c5 10. h4 c4 11. Qd2 b5 12. g4 b4 13. Na4 Qa5 14. b3 Rc8 15. h5 Nb6 16. Nxb6 Qxb6 17. Kb2 Qa5 18. h6 Qa3+ 19. Kb1 c3 20. Qxc3 bxc3 21. hxg7 Qb2# 0-1

[Event "GER-ch U10"]
[Site "Magdeburg"]
[Date "2014.06.14"]
[Round "11"]
[White "Pauls, Fynn"]
[Black "Bergauz, Igal"]
[Result "1/2-1/2"]
[WhiteElo "1382"]
[BlackElo "1690"]
[PlyCount "66"]
[EventDate "2014.06.08"]
[EventType "swiss"]
[EventRounds "11"]
[EventCountry "GER"]
[SourceTitle "CBM 160 Extra"]
[Source "ChessBase"]
[SourceDate "2014.07.01"]
[SourceVersion "1"]
[SourceVersionDate "2014.07.01"]
[SourceQuality "1"]

1. d4 d5 2. c4 e6 3. Nc3 Nf6 4. Nf3 Be7 5. Bf4 0-0 6. e3 Nbd7 7. Be2 b6 8. cxd5 exd5 9. 0-0 Bb7 10. Rc1 a6 11. Qb3 Rc8 12. Ne5 Ne4 13. Nxe4 dxe4 14. Nxd7 Qxd7 15. h3 Kh8 16. Bc4 Bd8 17. Qa3 Be7 18. Qb3 Bd8 19. Be2 f5 20. a3 h6 21. Bc4 Re8 22. Qa2 Bg5 23. Be5 Kh7 24. Rc3 Bd8 25. Rfc1 g5 26. Qb1 Rf8 27. Be2 Rf7 28. Bh5 Rf8 29. Qc2 c6 30. f3 c5 31. dxc5 bxc5 32. Rxc5 Bb6 33. Rd1 Qe7 1/2-1/2

[Event "GER-ch U10"]
[Site "Magdeburg"]
[Date "2014.06.13"]
[Round "10"]
[White "Bergauz, Igal"]
[Black "Schade, Johannes"]
[Result "1-0"]
[WhiteElo "1690"]
[BlackElo "1304"]
[PlyCount "77"]
[EventDate "2014.06.08"]
[EventType "swiss"]
[EventRounds "11"]
[EventCountry "GER"]
[SourceTitle "CBM 160 Extra"]
[Source "ChessBase"]
[SourceDate "2014.07.01"]
[SourceVersion "1"]
[SourceVersionDate "2014.07.01"]
[SourceQuality "1"]

1. e4 c5 2. Nf3 Nc6 3. d4 cxd4 4. Nxd4 g6 5. Be3 Bg7 6. Nc3 Nf6 7. f3 0-0 8. Qd2 e6 9. 0-0-0 Re8 10. g4 d5 11. Nxc6 bxc6 12. h4 Bb7 13. e5 Nd7 14. h5 Nxe5 15. hxg6 fxg6 16. Qh2 Nf7 17. Qxh7+ Kf8 18. Bc5+ Re7 19. Bxe7+ Qxe7 20. Qxg6 Qg5+ 21. Qxg5 Nxg5 22. f4 d4 23. Na4 Ne4 24. Re1 c5 25. Bg2 Nd6 26. Bxb7 Nxb7 27. Rxe6 Rc8 28. Ra6 c4 29. Rxa7 Nd6 30. Rh7 Bf6 31. g5 Nb5 32. Rab7 Nd6 33. Rbd7 Ne4 34. gxf6 Nxf6 35. Rh8+ Ng8 36. f5 c3 37. f6 Re8 38. bxc3 dxc3 39. Kd1 1-0

[Event "GER-ch U10"]
[Site "Magdeburg"]
[Date "2014.06.09"]
[Round "4"]
[White "Kurzweil, Nalani"]
[Black "Bergauz, Igal"]
[Result "0-1"]
[WhiteElo "1194"]
[BlackElo "1690"]
[PlyCount "66"]
[EventDate "2014.06.08"]
[EventType "swiss"]
[EventRounds "11"]
[EventCountry "GER"]
[SourceTitle "CBM 160 Extra"]
[Source "ChessBase"]
[SourceDate "2014.07.01"]
[SourceVersion "1"]
[SourceVersionDate "2014.07.01"]
[SourceQuality "1"]

1. d4 d5 2. Nf3 Nf6 3. Bf4 Bg4 4. h3 Bxf3 5. exf3 e6 6. Bd3 c5 7. c3 Nc6 8. Be5 Nd7 9. Bg3 Be7 10. 0-0 0-0 11. Re1 Rc8 12. a3 Qb6 13. Qd2 cxd4 14. cxd4 Nxd4 15. Qd1 Nb3 16. Ra2 Rc1 17. Qe2 Rxe1+ 18. Qxe1 Rc8 19. Kh2 Nc1 20. Ra1 Nxd3 21. Qe3 Qxb2 22. Qxd3 Qxa1 23. Bf4 Qf6 24. Bg3 Ne5 25. Bxe5 Qxe5+ 26. g3 Rc1 27. Nd2 Qe1 28. Nf1 Qxf2+ 29. Kh1 Rxf1+ 30. Qxf1 Qxf1+ 31. Kh2 Qf2+ 32. Kh1 Bc5 33. g4 Qg1# 0-1

[Event "GER-ch U10"]
[Site "Magdeburg"]
[Date "2014.06.08"]
[Round "2"]
[White "Bergauz, Igal"]
[Black "Sulayev, Daniel"]
[Result "0-1"]
[WhiteElo "1690"]
[BlackElo "1334"]
[PlyCount "88"]
[EventDate "2014.06.08"]
[EventType "swiss"]
[EventRounds "11"]
[EventCountry "GER"]
[SourceTitle "CBM 160 Extra"]
[Source "ChessBase"]
[SourceDate "2014.07.01"]
[SourceVersion "1"]
[SourceVersionDate "2014.07.01"]
[SourceQuality "1"]

1. e4 d6 2. d4 Nf6 3. Nc3 g6 4. f4 Bg7 5. Nf3 0-0 6. Be2 Nbd7 7. 0-0 c5 8. h3 a6 9. a4 Rb8 10. Be3 Qa5 11. Nd2 cxd4 12. Nb3 Qc7 13. Nxd4 Nc5 14. Bf3 b6 15. b4 Nb3 16. cxb3 Qxc3 17. Re1 Bb7 18. Rc1 Qxb4 19. Rc4 Qa3 20. Qb1 d5 21. Bc1 Qd6 22. e5 Qd7 23. Rc2 Ne4 24. Ba3 Rfd8 25. Rec1 Rbc8 26. Bg4 e6 27. Bb4 Bh6 28. Rf1 Rxc2 29. Qxc2 Rc8 30. Qd3 Bf8 31. Bxf8 Rc3 32. Qd1 Kxf8 33. f5 exf5 34. Nxf5 gxf5 35. Bxf5 Qe7 36. e6 Ng3 37. Qd2 Qf6 38. e7+ Kxe7 39. Re1+ Kf8 40. Bxh7 Kg7 41. Bd3 Ne4 42. Qe2 Qd4+ 43. Kh2 Qxd3 44. Qg4+ Kf8 0-1

[Event "GER-ch U10"]
[Site "Magdeburg"]
[Date "2014.06.08"]
[Round "1"]
[White "Weihrauch, Jakob"]
[Black "Bergauz, Igal"]
[Result "0-1"]
[WhiteElo "1220"]
[BlackElo "1690"]
[PlyCount "72"]
[EventDate "2014.06.08"]
[EventType "swiss"]
[EventRounds "11"]
[EventCountry "GER"]
[SourceTitle "CBM 160 Extra"]
[Source "ChessBase"]
[SourceDate "2014.07.01"]
[SourceVersion "1"]
[SourceVersionDate "2014.07.01"]
[SourceQuality "1"]

1. e4 c6 2. d4 d5 3. Nd2 dxe4 4. Nxe4 Bf5 5. Ng3 Bg6 6. h4 h6 7. Nf3 Nd7 8. h5 Bh7 9. Bd3 Bxd3 10. Qxd3 Ngf6 11. Bf4 e6 12. c3 Be7 13. 0-0-0 Qa5 14. Kb1 0-0 15. Ne4 Nxe4 16. Qxe4 Nf6 17. Qe5 Qb6 18. Bd2 a5 19. g4 Ba3 20. b3 Rfd8 21. Qg3 Ne4 22. Qh4 Nxd2+ 23. Rxd2 a4 24. b4 Ra5 25. g5 Rf5 26. Qg4 hxg5 27. Nxg5 Qb5 28. Ne4 Qd5 29. h6 g6 30. Rh5 Kh8 31. Rxf5 exf5 32. Qg1 Qxe4+ 33. Ka1 Re8 34. Qb1 Qf3 35. Rd3 Qxf2 36. Rd1 Re2 0-1

[Event "GER-ch U25 op-B"]
[Site "Oberhof"]
[Date "2013.05.20"]
[Round "3"]
[White "Muedder, Melanie"]
[Black "Bergauz, Igal"]
[Result "1-0"]
[WhiteElo "712"]
[BlackElo "1184"]
[PlyCount "73"]
[EventDate "2013.05.19"]
[EventType "swiss"]
[EventRounds "9"]
[EventCountry "GER"]
[SourceTitle "CBM 154 Extra"]
[Source "ChessBase"]
[SourceDate "2013.06.25"]
[SourceVersion "2"]
[SourceVersionDate "2013.06.25"]
[SourceQuality "1"]

1. e4 c6 2. c4 d5 3. cxd5 cxd5 4. exd5 Qxd5 5. Nc3 Qa5 6. d4 Nf6 7. Bc4 e6 8. Nf3 Bb4 9. 0-0 Bxc3 10. bxc3 Qxc3 11. Bb5+ Bd7 12. Bxd7+ Nbxd7 13. Bf4 0-0 14. Rc1 Qa5 15. a4 Nb6 16. Ra1 Rac8 17. Bd2 Qh5 18. a5 Nbd5 19. Qb3 b6 20. axb6 axb6 21. Ne5 Rfd8 22. Nc4 Qg4 23. Nxb6 Rb8 24. Ra6 Rd6 25. Rfa1 Nxb6 26. Rxb6 Rdxb6 27. Qxb6 Re8 28. Qb7 Qxd4 29. Qa8 Qxd2 30. h3 Qd8 31. Qc6 Qc8 32. Qf3 Rd8 33. g4 Qd7 34. g5 Qd5 35. Qe2 Qxg5+ 36. Kf1 Qd2 37. Qxd2 1-0

[Event "GER-ch U25 op-B"]
[Site "Oberhof"]
[Date "2013.05.19"]
[Round "2"]
[White "Bergauz, Igal"]
[Black "Vuckovic, Robert"]
[Result "1-0"]
[WhiteElo "1184"]
[BlackElo "944"]
[PlyCount "68"]
[EventDate "2013.05.19"]
[EventType "swiss"]
[EventRounds "9"]
[EventCountry "GER"]
[SourceTitle "CBM 154 Extra"]
[Source "ChessBase"]
[SourceDate "2013.06.25"]
[SourceVersion "2"]
[SourceVersionDate "2013.06.25"]
[SourceQuality "1"]

1. e4 e6 2. d4 d5 3. Nd2 dxe4 4. Nxe4 Nd7 5. Nf3 Ngf6 6. Bg5 Be7 7. Bd3 h6 8. Bh4 Nxe4 9. Bxe7 Qxe7 10. Bxe4 Nf6 11. Bd3 0-0 12. 0-0 b6 13. c3 Bb7 14. Re1 Qd6 15. Rc1 Kh8 16. Rc2 Rfe8 17. Rd2 Ng4 18. h3 Bxf3 19. Qxf3 Nf6 20. Bb5 Rf8 21. c4 a6 22. Bc6 Rab8 23. a3 Nd7 24. Bxd7 Qxd7 25. Re4 Qc6 26. Qe2 Rbd8 27. Rg4 Rfe8 28. b3 Qd6 29. b4 c5 30. b5 a5 31. a4 Qc7 32. Qf3 Rd7 33. g3 Red8 34. Qc3 Rd6 1-0

[Event "GER-chT U12"]
[Site "Verden"]
[Date "2012.12.29"]
[Round "5.3"]
[White "Niemann, Alexander"]
[Black "Bergauz, Igal"]
[Result "1-0"]
[WhiteElo "1458"]
[BlackElo "1311"]
[PlyCount "121"]
[EventDate "2012.12.27"]
[EventType "team-swiss"]
[EventRounds "7"]
[EventCountry "GER"]
[SourceTitle "EXT 2014"]
[Source "ChessBase"]
[SourceDate "2013.11.20"]
[SourceVersion "1"]
[SourceVersionDate "2013.11.20"]
[SourceQuality "1"]
[WhiteTeam "Magdeburg Aufbau Elbe"]
[BlackTeam "Muenchen Suedost"]
[WhiteTeamCountry "GER"]
[BlackTeamCountry "GER"]

1. e4 c6 2. d4 d5 3. exd5 cxd5 4. c4 Nf6 5. Nc3 Bg4 6. Qb3 e6 7. Qxb7 Nbd7 8. Bf4 Be7 9. cxd5 exd5 10. Ba6 0-0 11. h3 Bf5 12. Nf3 Qb6 13. Qxb6 Nxb6 14. 0-0 Rad8 15. Ne5 Bd6 16. Bg5 Rfe8 17. Bb5 Re6 18. Bxf6 Rxf6 19. Nc6 Rd7 20. Rfe1 h6 21. a4 Be6 22. a5 Nc8 23. Nxd5 Bxd5 24. Re8+ Bf8 25. Rxc8 Rb7 26. Ba4 Bxc6 27. Rxc6 Rxc6 28. Bxc6 Rxb2 29. d5 Bc5 30. a6 Rxf2 31. Kh1 Kf8 32. Re1 g6 33. Bb7 Rf6 34. g4 Rd6 35. Rc1 Bb6 36. Rc6 Rxc6 37. Bxc6 Ke7 38. Kg2 Kf6 39. d6 Ke5 40. d7 Kd6 41. Ba4 Ke5 42. Bb3 f6 43. Kf3 g5 44. Bc2 Bd8 45. Kg3 Kd4 46. h4 Ke3 47. h5 Bc7+ 48. Kg2 Ke2 49. Bb3 Ke3 50. Bc4 Kf4 51. Be6 Ke5 52. Bf5 Bb6 53. Kf3 Kd4 54. Ke2 Ba5 55. Kd1 Kc5 56. Kc2 Kc4 57. Be6+ Kb5 58. Kb3 Kxa6 59. Kc4 Kb6 60. d8Q+ Ka6 61. Bc8# 1-0

[Event "GER-chT U12"]
[Site "Verden"]
[Date "2012.12.28"]
[Round "4.3"]
[White "Petersen, Marcel"]
[Black "Bergauz, Igal"]
[Result "1-0"]
[WhiteElo "1471"]
[BlackElo "1311"]
[PlyCount "35"]
[EventDate "2012.12.27"]
[EventType "team-swiss"]
[EventRounds "7"]
[EventCountry "GER"]
[SourceTitle "EXT 2014"]
[Source "ChessBase"]
[SourceDate "2013.11.20"]
[SourceVersion "1"]
[SourceVersionDate "2013.11.20"]
[SourceQuality "1"]
[WhiteTeam "Baumschulenweg"]
[BlackTeam "Muenchen Suedost"]
[WhiteTeamCountry "GER"]
[BlackTeamCountry "GER"]

1. e4 c6 2. d4 d5 3. e5 Bf5 4. Nf3 e6 5. c4 Nd7 6. Nc3 dxc4 7. Bxc4 Nb6 8. Bb3 Nd5 9. Nxd5 cxd5 10. Ba4+ Ke7 11. Qb3 Qa5+ 12. Bd2 Qb6 13. Qa3+ Kd8 14. Qxf8+ Kc7 15. Rc1+ Qc6 16. Rxc6+ bxc6 17. Qxa8 Kb6 18. Qxc6# 1-0